[Event "Agen 2017 - National Féminin"]
[Site "?"]
[Date "2017.08.19"]
[Round "1.4"]
[White "Roumegous, Marina"]
[Black "Maisuradze, Nino"]
[Result "0-1"]
[BlackElo "2280"]
[WhiteElo "2142"]
[LiveChessVersion "1.4.8"]

1. d4 {[%clk 1:30:57]} Nf6 {[%clk 1:30:52]} 2. c4 {[%clk 1:31:21]} e6
{[%clk 1:31:12]} 3. Nc3 {[%clk 1:31:34]} d5 {[%clk 1:30:52]} 4. cxd5
{[%clk 1:31:30]} exd5 {[%clk 1:31:16]} 5. Bf4 {[%clk 1:31:54]} c6
{[%clk 1:31:39]} 6. e3 {[%clk 1:31:09]} Bf5 {[%clk 1:29:25]} 7. Bd3
{[%clk 1:29:13]} Bxd3 {[%clk 1:27:56]} 8. Qxd3 {[%clk 1:29:37]} Nh5
{[%clk 1:27:43]} 9. Bg3 {[%clk 1:27:13]} Nd7 {[%clk 1:25:27]} 10. Nge2
{[%clk 1:26:40]} Be7 {[%clk 1:22:46]} 11. Rb1 {[%clk 1:25:28]} a5
{[%clk 1:19:56]} 12. Qc2 {[%clk 1:21:12]} O-O {[%clk 1:18:31]} 13. Nf4
{[%clk 1:21:25]} Nxg3 {[%clk 1:12:43]} 14. hxg3 {[%clk 1:21:50]} g6
{[%clk 1:12:40]} 15. a3 {[%clk 1:17:41]} Re8 {[%clk 1:09:46]} 16. O-O
{[%clk 1:16:36]} Nb6 {[%clk 1:04:28]} 17. Nd3 {[%clk 0:59:42]} Nc4
{[%clk 1:03:19]} 18. Ra1 {[%clk 0:53:10]} Rc8 {[%clk 0:46:28]} 19. Na4
{[%clk 0:44:36]} Qc7 {[%clk 0:41:40]} 20. Rfe1 {[%clk 0:42:11]} Bd6
{[%clk 0:36:38]} 21. Nf4 {[%clk 0:41:17]} b5 {[%clk 0:26:47]} 22. Nc5
{[%clk 0:37:52]} a4 {[%clk 0:26:48]} 23. Ncd3 {[%clk 0:33:55]} Qe7
{[%clk 0:26:05]} 24. Qd1 {[%clk 0:26:20]} h5 {[%clk 0:23:29]} 25. Rc1
{[%clk 0:21:17]} Qf6 {[%clk 0:16:13]} 26. Rc2 {[%clk 0:17:38]} Re4
{[%clk 0:15:17]} 27. Qf3 {[%clk 0:16:24]} Kg7 {[%clk 0:14:13]} 28. Nh3
{[%clk 0:14:13]} Qe7 {[%clk 0:14:05]} 29. Nhf4 {[%clk 0:13:59]} Re8
{[%clk 0:13:35]} 30. Qd1 {[%clk 0:12:39]} h4 {[%clk 0:13:16]} 31. g4
{[%clk 0:10:19]} Bxf4 {[%clk 0:12:40]} 32. Nc5 {[%clk 0:06:25]} Bc7
{[%clk 0:07:05]} 33. Nxe4 {[%clk 0:06:43]} dxe4 {[%clk 0:06:48]} 34. Rxc4
{[%clk 0:05:28]} bxc4 {[%clk 0:07:15]} 35. Qxa4 {[%clk 0:05:52]} Qe6
{[%clk 0:04:16]} 36. Kf1 {[%clk 0:05:23]} Rh8 {[%clk 0:02:52]} 37. Ke2
{[%clk 0:01:14]} Qxg4+ {[%clk 0:03:04]} 38. Kd2 {[%clk 0:01:39]} Qxg2
{[%clk 0:02:55]} 39. Qxc6 {[%clk 0:02:01]} Ba5+ {[%clk 0:03:04]} 0-1

[Event "Agen 2017 - National Féminin"]
[Site "?"]
[Date "2017.08.19"]
[Round "1.5"]
[White "Safranska, Anda"]
[Black "Haussernot, Cecile"]
[Result "0-1"]
[BlackElo "2077"]
[WhiteElo "2224"]
[LiveChessVersion "1.4.8"]

1. e4 {[%clk 1:30:58]} c5 {[%clk 1:30:53]} 2. Nf3 {[%clk 1:31:16]} d6
{[%clk 1:31:09]} 3. g3 {[%clk 1:31:40]} Nc6 {[%clk 1:31:13]} 4. Bg2
{[%clk 1:32:03]} Nf6 {[%clk 1:30:18]} 5. d3 {[%clk 1:32:10]} g6 {[%clk 1:16:56]}
6. O-O {[%clk 1:31:59]} Bg7 {[%clk 1:15:43]} 7. Re1 {[%clk 1:32:21]} O-O
{[%clk 1:08:50]} 8. c3 {[%clk 1:31:54]} e5 {[%clk 1:08:14]} 9. a3
{[%clk 1:29:19]} b5 {[%clk 1:02:10]} 10. b4 {[%clk 1:28:52]} a5 {[%clk 1:01:38]}
11. bxc5 {[%clk 1:27:26]} dxc5 {[%clk 1:02:03]} 12. Be3 {[%clk 1:27:47]} Qd6
{[%clk 0:58:10]} 13. Qc2 {[%clk 1:07:40]} Rd8 {[%clk 0:57:38]} 14. Bf1
{[%clk 1:05:59]} Ba6 {[%clk 0:35:24]} 15. h3 {[%clk 0:43:30]} b4 {[%clk 0:34:17]}
16. cxb4 {[%clk 0:23:30]} cxb4 {[%clk 0:33:49]} 17. Nbd2 {[%clk 0:23:54]} bxa3
{[%clk 0:26:34]} 18. Nc4 {[%clk 0:14:36]} Nb4 {[%clk 0:15:35]} 19. Qa4
{[%clk 0:14:36]} Bxc4 {[%clk 0:11:57]} 20. dxc4 {[%clk 0:14:53]} Nxe4
{[%clk 0:10:41]} 21. Red1 {[%clk 0:14:08]} Qf6 {[%clk 0:09:58]} 22. Rxd8+
{[%clk 0:12:54]} Rxd8 {[%clk 0:08:21]} 23. Ne1 {[%clk 0:10:11]} a2
{[%clk 0:02:18]} 24. Qxa5 {[%clk 0:09:52]} Bh6 {[%clk 0:02:11]} 25. Qb6
{[%clk 0:04:53]} Qxb6 {[%clk 0:00:34]} 26. Bxb6 {[%clk 0:05:19]} Rd2
{[%clk 0:00:33]} 27. Ba5 {[%clk 0:05:03]} Rxf2 {[%clk 0:00:35]} 28. Bxb4
{[%clk 0:03:49]} Be3 {[%clk 0:01:01]} 29. Ng2 {[%clk 0:03:09]} Bd4
{[%clk 0:01:18]} 30. Re1 {[%clk 0:01:46]} Rxf1+ {[%clk 0:01:17]} 0-1

[Event "Agen 2017 - Accession"]
[Site "?"]
[Date "2017.08.19"]
[Round "1.1"]
[White "Ollier, Milan"]
[Black "Degraeve, Jean-Marc"]
[Result "0-1"]
[LiveChessVersion "1.4.8"]
[BlackElo "2587"]
[WhiteElo "2253"]

1. e4 {[%clk 1:30:56]} g6 {[%clk 1:30:47]} 2. d4 {[%clk 1:31:16]} Bg7
{[%clk 1:31:12]} 3. Nc3 {[%clk 1:31:08]} c6 {[%clk 1:31:36]} 4. f4
{[%clk 1:25:07]} d5 {[%clk 1:32:00]} 5. e5 {[%clk 1:24:58]} Nh6 {[%clk 1:32:24]}
6. Nf3 {[%clk 1:23:46]} O-O {[%clk 1:31:08]} 7. Be2 {[%clk 1:17:35]} f6
{[%clk 1:30:36]} 8. O-O {[%clk 1:16:33]} Bg4 {[%clk 1:26:50]} 9. h3
{[%clk 1:06:39]} Bxf3 {[%clk 1:26:31]} 10. Bxf3 {[%clk 1:07:02]} fxe5
{[%clk 1:26:21]} 11. fxe5 {[%clk 1:06:33]} Nf5 {[%clk 1:25:53]} 12. Ne2
{[%clk 1:03:28]} e6 {[%clk 1:26:13]} 13. g4 {[%clk 0:58:50]} Nh4 {[%clk 1:25:47]}
14. Bh1 {[%clk 0:58:01]} Nd7 {[%clk 1:20:59]} 15. Be3 {[%clk 0:50:26]} Rxf1+
{[%clk 1:20:27]} 16. Qxf1 {[%clk 0:50:08]} Qe7 {[%clk 1:20:48]} 17. Qc1
{[%clk 0:42:40]} Qf7 {[%clk 1:18:55]} 18. Qf1 {[%clk 0:42:47]} Qe7
{[%clk 1:11:23]} 19. Qc1 {[%clk 0:42:42]} Qf8 {[%clk 1:11:44]} 20. Qf1
{[%clk 0:42:21]} h6 {[%clk 0:58:37]} 21. Qxf8+ {[%clk 0:40:40]} Nxf8
{[%clk 0:55:48]} 22. b3 {[%clk 0:33:57]} g5 {[%clk 0:55:21]} 23. c4
{[%clk 0:34:09]} Nd7 {[%clk 0:54:08]} 24. cxd5 {[%clk 0:32:34]} exd5
{[%clk 0:49:33]} 25. Rf1 {[%clk 0:28:44]} Rf8 {[%clk 0:49:47]} 26. Ng3
{[%clk 0:25:48]} Rxf1+ {[%clk 0:50:11]} 27. Kxf1 {[%clk 0:26:03]} Kf7
{[%clk 0:50:20]} 28. Nf5 {[%clk 0:24:00]} Bf8 {[%clk 0:50:46]} 29. Nxh4
{[%clk 0:22:12]} gxh4 {[%clk 0:51:15]} 30. Bf3 {[%clk 0:20:40]} Kg6
{[%clk 0:50:07]} 31. Be2 {[%clk 0:18:55]} Be7 {[%clk 0:45:53]} 32. Bd3+
{[%clk 0:17:53]} Kg7 {[%clk 0:46:19]} 33. Bf5 {[%clk 0:16:33]} Nb8
{[%clk 0:42:30]} 34. Bc8 {[%clk 0:10:32]} b6 {[%clk 0:41:40]} 35. Bb7
{[%clk 0:10:44]} Bg5 {[%clk 0:41:43]} 36. Ke2 {[%clk 0:10:51]} Kf7
{[%clk 0:41:21]} 37. b4 {[%clk 0:08:04]} b5 {[%clk 0:39:36]} 38. Kf3
{[%clk 0:05:24]} Ke7 {[%clk 0:39:31]} 39. Bf4 {[%clk 0:03:11]} Ke6
{[%clk 0:39:50]} 40. Bc8+ {[%clk 0:33:02]} Nd7 {[%clk 1:10:17]} 41. a3
{[%clk 0:28:06]} Ke7 {[%clk 1:09:01]} 42. Bb7 {[%clk 0:13:39]} Nb8
{[%clk 1:08:46]} 43. e6 {[%clk 0:01:51]} Bxf4 {[%clk 1:09:03]} 44. Kxf4
{[%clk 0:02:20]} Kxe6 {[%clk 1:09:27]} 45. Bc8+ {[%clk 0:02:15]} Kf6
{[%clk 1:09:11]} 46. Bf5 {[%clk 0:02:28]} Na6 {[%clk 1:09:30]} 47. Bd7
{[%clk 0:02:34]} Nc7 {[%clk 1:03:04]} 48. Bxc6 {[%clk 0:02:01]} Ne6+
{[%clk 1:03:28]} 49. Ke3 {[%clk 0:02:21]} Nc7 {[%clk 1:03:47]} 50. Bd7
{[%clk 0:02:22]} Ke7 {[%clk 1:03:27]} 51. Bf5 {[%clk 0:01:10]} Ne8
{[%clk 0:51:00]} 52. Kf4 {[%clk 0:01:21]} Kf6 {[%clk 0:51:27]} 53. Bd7
{[%clk 0:01:29]} Nd6 {[%clk 0:51:55]} 54. Bc6 {[%clk 0:01:27]} Nc4
{[%clk 0:52:22]} 55. Bxd5 {[%clk 0:00:59]} Nxa3 {[%clk 0:52:49]} 56. Bc6
{[%clk 0:00:38]} Nc2 {[%clk 0:52:26]} 57. Bxb5 {[%clk 0:00:46]} Nxd4
{[%clk 0:51:06]} 58. Bd3 {[%clk 0:01:02]} Ne6+ {[%clk 0:50:52]} 59. Ke3
{[%clk 0:01:03]} Ke5 {[%clk 0:51:17]} 60. b5 {[%clk 0:00:55]} Nf4
{[%clk 0:49:42]} 61. Bf1 {[%clk 0:01:19]} Nd5+ {[%clk 0:50:08]} 62. Kf3
{[%clk 0:01:34]} Kd4 {[%clk 0:50:28]} 63. Be2 {[%clk 0:00:53]} Kc5
{[%clk 0:50:26]} 64. g5 {[%clk 0:00:31]} hxg5 {[%clk 0:50:44]} 65. Kg4
{[%clk 0:00:59]} Nc3 {[%clk 0:50:39]} 66. Bf1 {[%clk 0:00:58]} Nxb5
{[%clk 0:51:02]} 67. Kxg5 {[%clk 0:00:38]} a5 {[%clk 0:51:30]} 68. Bd3
{[%clk 0:00:56]} a4 {[%clk 0:51:49]} 69. Bc2 {[%clk 0:01:04]} a3 {[%clk 0:52:16]}
70. Bb3 {[%clk 0:01:21]} Kb4 {[%clk 0:52:22]} 71. Ba2 {[%clk 0:01:33]} Kc3
{[%clk 0:52:18]} 72. Kxh4 {[%clk 0:01:52]} Kb2 {[%clk 0:52:44]} 73. Bc4
{[%clk 0:02:08]} Nd4 {[%clk 0:52:59]} 0-1

[Event "Agen 2017 - Accession"]
[Site "?"]
[Date "2017.08.19"]
[Round "1.2"]
[White "Le Roux, Jean-Pierre"]
[Black "Rodriguez, Adrien"]
[Result "1-0"]
[LiveChessVersion "1.4.8"]
[BlackElo "2252"]
[WhiteElo "2543"]

1. Nf3 {[%clk 1:30:49]} Nf6 {[%clk 1:30:37]} 2. d4 {[%clk 1:30:31]} e6
{[%clk 1:30:36]} 3. Bf4 {[%clk 1:30:04]} c5 {[%clk 1:29:00]} 4. e3
{[%clk 1:30:19]} Nc6 {[%clk 1:23:56]} 5. Nbd2 {[%clk 1:28:25]} d5
{[%clk 1:23:01]} 6. c3 {[%clk 1:27:44]} Nh5 {[%clk 1:09:24]} 7. Bg5
{[%clk 1:25:00]} Qb6 {[%clk 1:07:52]} 8. Rb1 {[%clk 1:24:13]} cxd4
{[%clk 1:04:16]} 9. exd4 {[%clk 1:16:28]} Qc7 {[%clk 0:54:56]} 10. Bb5
{[%clk 1:11:03]} Bd6 {[%clk 0:47:18]} 11. Ne5 {[%clk 1:00:21]} Bxe5
{[%clk 0:47:42]} 12. Qxh5 {[%clk 1:00:42]} Bd6 {[%clk 0:44:34]} 13. O-O
{[%clk 0:59:53]} O-O {[%clk 0:39:49]} 14. Bd3 {[%clk 0:55:19]} f5
{[%clk 0:40:09]} 15. Nf3 {[%clk 0:54:40]} Bd7 {[%clk 0:34:26]} 16. Rfe1
{[%clk 0:51:27]} Rae8 {[%clk 0:17:16]} 17. Rbd1 {[%clk 0:43:53]} e5
{[%clk 0:14:57]} 18. dxe5 {[%clk 0:43:25]} Nxe5 {[%clk 0:15:18]} 19. Bc2
{[%clk 0:39:33]} g6 {[%clk 0:14:43]} 20. Qh4 {[%clk 0:39:27]} Nxf3+
{[%clk 0:14:52]} 21. gxf3 {[%clk 0:39:51]} Rxe1+ {[%clk 0:10:32]} 22. Rxe1
{[%clk 0:40:14]} Re8 {[%clk 0:10:45]} 23. Rd1 {[%clk 0:35:43]} Be6
{[%clk 0:05:32]} 24. Bb3 {[%clk 0:34:40]} Be5 {[%clk 0:04:44]} 25. Qa4
{[%clk 0:29:16]} Qc6 {[%clk 0:03:45]} 26. Re1 {[%clk 0:23:03]} Bd7
{[%clk 0:03:23]} 27. Qa5 {[%clk 0:22:23]} b5 {[%clk 0:02:18]} 28. f4
{[%clk 0:20:49]} Bc7 {[%clk 0:02:03]} 29. Rxe8+ {[%clk 0:21:12]} Bxe8
{[%clk 0:02:32]} 30. Qxa7 {[%clk 0:21:05]} Bf7 {[%clk 0:02:18]} 31. h3
{[%clk 0:17:04]} Qb6 {[%clk 0:00:51]} 32. Qa8+ {[%clk 0:13:54]} Qb8
{[%clk 0:01:17]} 33. Qxb8+ {[%clk 0:04:42]} Bxb8 {[%clk 0:01:44]} 34. Kg2
{[%clk 0:05:04]} Be6 {[%clk 0:00:58]} 35. Kf3 {[%clk 0:02:33]} Kf7
{[%clk 0:01:23]} 36. Bd8 {[%clk 0:02:39]} Bd6 {[%clk 0:00:52]} 37. Bb6
{[%clk 0:02:38]} h6 {[%clk 0:01:06]} 38. Ke3 {[%clk 0:01:49]} Ke7
{[%clk 0:00:33]} 39. Kd4 {[%clk 0:01:10]} Bxf4 {[%clk 0:00:52]} 40. Bxd5
{[%clk 0:31:29]} Bd7 {[%clk 0:30:59]} 41. c4 {[%clk 0:27:00]} bxc4
{[%clk 0:27:41]} 42. Kxc4 {[%clk 0:25:52]} g5 {[%clk 0:24:20]} 43. b3
{[%clk 0:19:47]} Bb8 {[%clk 0:18:30]} 44. a4 {[%clk 0:19:22]} f4 {[%clk 0:18:56]}
45. Bg2 {[%clk 0:17:01]} f3 {[%clk 0:15:51]} 46. Bxf3 {[%clk 0:17:06]} Bxh3
{[%clk 0:16:15]} 47. a5 {[%clk 0:15:27]} Kd6 {[%clk 0:15:40]} 48. Bb7
{[%clk 0:12:48]} Be6+ {[%clk 0:15:14]} 49. Kb4 {[%clk 0:12:31]} Bd7
{[%clk 0:14:17]} 50. a6 {[%clk 0:11:58]} Bc6 {[%clk 0:14:44]} 51. Bc5+
{[%clk 0:11:58]} 1-0

[Event "Agen 2017 - Accession"]
[Site "?"]
[Date "2017.08.19"]
[Round "1.3"]
[White "Camus, Berenger"]
[Black "Demuth, Adrien"]
[Result "0-1"]
[LiveChessVersion "1.4.8"]
[BlackElo "2540"]
[WhiteElo "2248"]

1. d4 {[%clk 1:30:21]} Nf6 {[%clk 1:30:47]} 2. c4 {[%clk 1:30:36]} e6
{[%clk 1:31:09]} 3. Nc3 {[%clk 1:30:06]} Bb4 {[%clk 1:31:24]} 4. Qc2
{[%clk 1:27:32]} O-O {[%clk 1:30:19]} 5. Nf3 {[%clk 1:26:36]} c5 {[%clk 1:28:34]}
6. dxc5 {[%clk 1:22:40]} Na6 {[%clk 1:26:03]} 7. a3 {[%clk 1:20:28]} Bxc3+
{[%clk 1:26:13]} 8. Qxc3 {[%clk 1:20:52]} Nxc5 {[%clk 1:26:38]} 9. Bg5
{[%clk 1:17:40]} Nce4 {[%clk 1:06:08]} 10. Bxf6 {[%clk 1:17:58]} Nxf6
{[%clk 1:06:22]} 11. e3 {[%clk 1:05:51]} b6 {[%clk 1:05:40]} 12. Bd3
{[%clk 1:03:30]} Bb7 {[%clk 1:03:22]} 13. O-O {[%clk 0:58:28]} Rc8
{[%clk 1:03:09]} 14. Rfd1 {[%clk 0:54:59]} Rc5 {[%clk 0:48:45]} 15. Qd4
{[%clk 0:34:06]} Bxf3 {[%clk 0:29:41]} 16. gxf3 {[%clk 0:34:31]} Rg5+
{[%clk 0:29:58]} 17. Kh1 {[%clk 0:29:18]} Qa8 {[%clk 0:29:18]} 18. Be4
{[%clk 0:29:28]} Qb8 {[%clk 0:23:22]} 19. Rg1 {[%clk 0:27:29]} Qe5
{[%clk 0:17:45]} 20. Qxe5 {[%clk 0:17:21]} Rxe5 {[%clk 0:18:14]} 21. Bd3
{[%clk 0:17:30]} Rc8 {[%clk 0:18:10]} 22. b4 {[%clk 0:15:23]} Kf8
{[%clk 0:17:56]} 23. f4 {[%clk 0:08:46]} Rh5 {[%clk 0:17:18]} 24. Rac1
{[%clk 0:03:14]} g6 {[%clk 0:16:18]} 25. Be2 {[%clk 0:02:20]} Rh4
{[%clk 0:16:25]} 26. Bf3 {[%clk 0:02:34]} d6 {[%clk 0:13:58]} 27. Rc2
{[%clk 0:01:33]} h6 {[%clk 0:14:23]} 28. Rgc1 {[%clk 0:01:28]} g5
{[%clk 0:12:03]} 29. fxg5 {[%clk 0:01:51]} hxg5 {[%clk 0:12:32]} 30. c5
{[%clk 0:00:51]} bxc5 {[%clk 0:11:37]} 31. bxc5 {[%clk 0:01:15]} d5
{[%clk 0:11:53]} 32. c6 {[%clk 0:01:08]} Rc7 {[%clk 0:09:56]} 33. Rb2
{[%clk 0:00:53]} Ke7 {[%clk 0:09:32]} 34. Rb4 {[%clk 0:01:19]} Rh8
{[%clk 0:03:01]} 35. Be2 {[%clk 0:00:34]} Kd6 {[%clk 0:02:46]} 36. Ra4
{[%clk 0:00:34]} Ra8 {[%clk 0:02:35]} 37. Ra6 {[%clk 0:00:35]} Ne4
{[%clk 0:02:52]} 0-1

[Event "Agen 2017 - Accession"]
[Site "?"]
[Date "2017.08.19"]
[Round "1.4"]
[White "Bellahcene, Bilel"]
[Black "Favarel, Julien"]
[Result "1-0"]
[LiveChessVersion "1.4.8"]
[BlackElo "2247"]
[WhiteElo "2481"]

1. e4 {[%clk 1:30:57]} e5 {[%clk 1:30:53]} 2. Qh5 {[%clk 1:31:19]} Nc6
{[%clk 1:30:51]} 3. Bc4 {[%clk 1:31:19]} g6 {[%clk 1:29:49]} 4. Qf3
{[%clk 1:31:45]} Nf6 {[%clk 1:29:17]} 5. Ne2 {[%clk 1:32:10]} Bg7
{[%clk 1:24:33]} 6. Nbc3 {[%clk 1:31:43]} d6 {[%clk 1:19:19]} 7. d3
{[%clk 1:30:54]} Na5 {[%clk 1:10:13]} 8. a4 {[%clk 1:30:25]} Nxc4
{[%clk 1:08:16]} 9. dxc4 {[%clk 1:30:35]} O-O {[%clk 1:04:19]} 10. h3
{[%clk 1:30:59]} c6 {[%clk 0:51:10]} 11. b3 {[%clk 1:30:49]} d5 {[%clk 0:36:09]}
12. Ba3 {[%clk 1:28:08]} dxe4 {[%clk 0:34:04]} 13. Qe3 {[%clk 1:28:14]} Re8
{[%clk 0:33:06]} 14. Rd1 {[%clk 1:28:41]} Qa5 {[%clk 0:30:56]} 15. Bd6
{[%clk 1:26:32]} Be6 {[%clk 0:16:24]} 16. O-O {[%clk 1:25:58]} Rad8
{[%clk 0:14:35]} 17. g4 {[%clk 1:25:05]} Rd7 {[%clk 0:11:57]} 18. Bc5
{[%clk 1:19:54]} Rxd1 {[%clk 0:07:29]} 19. Rxd1 {[%clk 1:19:50]} Nd7
{[%clk 0:06:52]} 20. b4 {[%clk 1:15:10]} Qc7 {[%clk 0:03:40]} 21. Bd6
{[%clk 1:14:03]} Qd8 {[%clk 0:03:50]} 22. g5 {[%clk 1:12:28]} Bxc4
{[%clk 0:02:32]} 23. Ng3 {[%clk 1:12:55]} Bd5 {[%clk 0:02:15]} 24. Ngxe4
{[%clk 1:10:22]} f5 {[%clk 0:01:39]} 25. gxf6 {[%clk 1:03:48]} Nxf6
{[%clk 0:02:03]} 26. Nxd5 {[%clk 1:04:07]} Nxd5 {[%clk 0:02:16]} 27. Qf3
{[%clk 1:04:35]} Qh4 {[%clk 0:01:26]} 28. Re1 {[%clk 1:02:44]} Nf4
{[%clk 0:01:02]} 29. Kh2 {[%clk 1:03:13]} Ne6 {[%clk 0:01:11]} 30. Kh1
{[%clk 0:58:18]} Ng5 {[%clk 0:01:01]} 31. Nxg5 {[%clk 0:56:30]} Qxg5
{[%clk 0:01:29]} 32. Qb3+ {[%clk 0:56:58]} Kh8 {[%clk 0:01:50]} 33. Qf7
{[%clk 0:57:26]} Rg8 {[%clk 0:01:26]} 34. Re3 {[%clk 0:57:26]} e4
{[%clk 0:00:43]} 35. Rxe4 {[%clk 0:56:54]} h5 {[%clk 0:00:35]} 36. Bf4
{[%clk 0:56:32]} Qf6 {[%clk 0:00:40]} 37. Qe7 {[%clk 0:51:03]} Qc3
{[%clk 0:00:32]} 38. Qe6 {[%clk 0:48:59]} Kh7 {[%clk 0:00:40]} 39. Qb3
{[%clk 0:47:59]} Qxb3 {[%clk 0:00:32]} 40. cxb3 {[%clk 1:18:27]} Bf8
{[%clk 0:30:36]} 41. Be3 {[%clk 1:13:32]} a6 {[%clk 0:29:02]} 42. Kg2
{[%clk 1:12:06]} Rg7 {[%clk 0:25:34]} 43. Kf3 {[%clk 1:11:22]} Rd7
{[%clk 0:21:26]} 44. Ke2 {[%clk 0:58:37]} Kg8 {[%clk 0:18:31]} 45. Rf4
{[%clk 0:58:35]} Be7 {[%clk 0:18:00]} 46. Bc5 {[%clk 0:55:49]} Bxc5
{[%clk 0:12:19]} 47. bxc5 {[%clk 0:55:30]} Kg7 {[%clk 0:09:18]} 48. a5
{[%clk 0:54:39]} g5 {[%clk 0:06:02]} 49. Rb4 {[%clk 0:52:52]} Kf6
{[%clk 0:05:43]} 50. Ke3 {[%clk 0:53:19]} Kf5 {[%clk 0:05:11]} 51. Kf3
{[%clk 0:51:42]} Rd3+ {[%clk 0:04:01]} 52. Kg2 {[%clk 0:51:59]} Rd7
{[%clk 0:04:29]} 53. Kg3 {[%clk 0:52:28]} h4+ {[%clk 0:03:48]} 54. Kf3
{[%clk 0:52:18]} Rd3+ {[%clk 0:04:05]} 55. Kg2 {[%clk 0:51:45]} Rd7
{[%clk 0:04:06]} 56. Kf1 {[%clk 0:52:14]} Re7 {[%clk 0:02:29]} 57. f3
{[%clk 0:49:39]} Re3 {[%clk 0:01:20]} 58. Kf2 {[%clk 0:48:36]} Rc3
{[%clk 0:01:33]} 59. Rxb7 {[%clk 0:49:03]} Rxc5 {[%clk 0:01:56]} 60. b4
{[%clk 0:49:32]} Rc2+ {[%clk 0:01:26]} 61. Ke3 {[%clk 0:49:58]} Rc3+
{[%clk 0:01:52]} 62. Kd4 {[%clk 0:48:08]} Rb3 {[%clk 0:01:31]} 63. Rb6
{[%clk 0:48:26]} Kf4 {[%clk 0:01:22]} 64. Kc4 {[%clk 0:48:27]} Rxf3
{[%clk 0:01:29]} 65. Rxc6 {[%clk 0:42:33]} Rxh3 {[%clk 0:01:50]} 66. Rf6+
{[%clk 0:43:01]} Ke3 {[%clk 0:01:06]} 67. Rxa6 {[%clk 0:40:31]} g4
{[%clk 0:00:47]} 68. b5 {[%clk 0:40:58]} g3 {[%clk 0:00:40]} 69. Rg6
{[%clk 0:41:03]} Rh1 {[%clk 0:00:38]} 70. b6 {[%clk 0:41:17]} Rc1+
{[%clk 0:00:42]} 71. Kd5 {[%clk 0:38:45]} Ra1 {[%clk 0:00:43]} 72. b7
{[%clk 0:38:46]} Rb1 {[%clk 0:00:34]} 73. a6 {[%clk 0:38:55]} Kf2
{[%clk 0:00:44]} 74. a7 {[%clk 0:39:18]} 1-0

[Event "Agen 2017 - Vétérans"]
[Site "?"]
[Date "2017.08.19"]
[Round "1.1"]
[White "Light, Philip"]
[Black "Prie, Eric"]
[Result "0-1"]
[LiveChessVersion "1.4.8"]
[BlackElo "2481"]
[WhiteElo "1707"]

1. c4 {[%clk 1:30:54]} Nf6 {[%clk 1:30:38]} 2. Nc3 {[%clk 1:31:13]} e5
{[%clk 1:31:01]} 3. Nf3 {[%clk 1:31:28]} Nc6 {[%clk 1:31:24]} 4. d4
{[%clk 1:31:34]} exd4 {[%clk 1:29:58]} 5. Nxd4 {[%clk 1:31:54]} Bb4
{[%clk 1:30:16]} 6. Bg5 {[%clk 1:32:00]} h6 {[%clk 1:29:10]} 7. Bh4
{[%clk 1:32:22]} Bxc3+ {[%clk 1:21:50]} 8. bxc3 {[%clk 1:32:41]} Ne5
{[%clk 1:22:09]} 9. f4 {[%clk 1:28:25]} Ng6 {[%clk 1:12:08]} 10. Bxf6
{[%clk 1:28:10]} Qxf6 {[%clk 1:12:29]} 11. g3 {[%clk 1:26:54]} O-O
{[%clk 1:10:33]} 12. Bg2 {[%clk 1:18:08]} a6 {[%clk 1:07:39]} 13. Qd2
{[%clk 1:13:46]} d6 {[%clk 0:55:40]} 14. O-O {[%clk 1:10:54]} Re8
{[%clk 0:51:41]} 15. Rab1 {[%clk 1:08:57]} Ra7 {[%clk 0:52:03]} 16. e4
{[%clk 1:05:46]} Bd7 {[%clk 0:50:55]} 17. Rfe1 {[%clk 0:56:55]} b6
{[%clk 0:37:36]} 18. Re3 {[%clk 0:35:50]} Qe7 {[%clk 0:33:46]} 19. Rbe1
{[%clk 0:35:23]} Qf8 {[%clk 0:26:56]} 20. e5 {[%clk 0:29:52]} dxe5
{[%clk 0:25:28]} 21. Nc6 {[%clk 0:29:38]} Bxc6 {[%clk 0:25:15]} 22. Bxc6
{[%clk 0:29:32]} Rd8 {[%clk 0:25:29]} 23. Rd3 {[%clk 0:29:04]} Qc5+
{[%clk 0:23:58]} 24. Kf1 {[%clk 0:24:35]} Rxd3 {[%clk 0:24:19]} 25. Qxd3
{[%clk 0:24:36]} Qxc6 {[%clk 0:24:38]} 0-1

[Event "Agen 2017 - Vétérans"]
[Site "?"]
[Date "2017.08.19"]
[Round "1.2"]
[White "Vareille, Francois"]
[Black "Labarthe, Arnaud"]
[Result "1-0"]
[LiveChessVersion "1.4.8"]
[BlackElo "1698"]
[WhiteElo "2424"]

1. d4 {[%clk 1:30:55]} Nf6 {[%clk 1:30:56]} 2. c4 {[%clk 1:31:16]} e5
{[%clk 1:31:08]} 3. dxe5 {[%clk 1:31:33]} Ne4 {[%clk 1:31:34]} 4. a3
{[%clk 1:31:47]} b6 {[%clk 1:31:56]} 5. Nd2 {[%clk 1:29:42]} Bb7 {[%clk 1:32:18]}
6. Ngf3 {[%clk 1:29:50]} d6 {[%clk 1:18:30]} 7. Nxe4 {[%clk 1:25:53]} Bxe4
{[%clk 1:18:45]} 8. Ng5 {[%clk 1:25:46]} Bb7 {[%clk 1:15:19]} 9. e6
{[%clk 1:24:38]} fxe6 {[%clk 1:13:15]} 10. Nxe6 {[%clk 1:23:00]} Qe7
{[%clk 1:10:57]} 11. Nf4 {[%clk 1:22:37]} c6 {[%clk 1:07:51]} 12. g3
{[%clk 1:18:34]} g6 {[%clk 1:04:11]} 13. Bh3 {[%clk 1:13:20]} Nd7
{[%clk 0:59:45]} 14. Ne6 {[%clk 1:11:28]} Nf6 {[%clk 0:50:22]} 15. Bg5
{[%clk 1:10:08]} Bc8 {[%clk 0:26:49]} 16. Qd4 {[%clk 1:06:49]} 1-0

[Event "Agen 2017 - Vétérans"]
[Site "?"]
[Date "2017.08.19"]
[Round "1.3"]
[White "Nouhaud, Laurent"]
[Black "Saucey, Michel"]
[Result "0-1"]
[LiveChessVersion "1.4.8"]
[BlackElo "2292"]
[WhiteElo "1687"]

1. f4 {[%clk 1:30:49]} d5 {[%clk 1:30:49]} 2. Nf3 {[%clk 1:31:05]} g6
{[%clk 1:31:12]} 3. e3 {[%clk 1:31:14]} Bg7 {[%clk 1:31:38]} 4. c3
{[%clk 1:31:23]} Nf6 {[%clk 1:30:01]} 5. Bb5+ {[%clk 1:31:01]} c6
{[%clk 1:24:31]} 6. Bd3 {[%clk 1:30:44]} O-O {[%clk 1:24:34]} 7. O-O
{[%clk 1:30:39]} b6 {[%clk 1:18:17]} 8. Bc2 {[%clk 1:29:37]} Ba6 {[%clk 1:18:10]}
9. d3 {[%clk 1:27:06]} Nbd7 {[%clk 1:18:03]} 10. Re1 {[%clk 1:21:28]} Qc7
{[%clk 1:14:32]} 11. Nbd2 {[%clk 1:14:34]} c5 {[%clk 1:05:48]} 12. Nf1
{[%clk 1:10:57]} e5 {[%clk 1:01:06]} 13. Ng3 {[%clk 1:07:16]} Rfe8
{[%clk 0:58:46]} 14. f5 {[%clk 0:56:54]} Rad8 {[%clk 0:49:25]} 15. fxg6
{[%clk 0:50:04]} hxg6 {[%clk 0:49:46]} 16. Nh4 {[%clk 0:40:24]} e4
{[%clk 0:47:47]} 17. d4 {[%clk 0:31:00]} Nf8 {[%clk 0:44:36]} 18. a4
{[%clk 0:19:36]} Bh6 {[%clk 0:40:58]} 19. Ne2 {[%clk 0:13:47]} Bg5
{[%clk 0:40:25]} 20. g3 {[%clk 0:13:54]} Bxh4 {[%clk 0:37:36]} 21. gxh4
{[%clk 0:14:15]} Nh5 {[%clk 0:37:17]} 22. Nf4 {[%clk 0:13:20]} Nxf4
{[%clk 0:35:35]} 23. exf4 {[%clk 0:13:43]} Ne6 {[%clk 0:32:05]} 24. Be3
{[%clk 0:09:58]} Nxf4 {[%clk 0:30:49]} 25. Qg4 {[%clk 0:09:01]} Nh5
{[%clk 0:30:07]} 26. Bd1 {[%clk 0:08:40]} Re6 {[%clk 0:22:52]} 27. Qg5
{[%clk 0:07:26]} Ng7 {[%clk 0:22:47]} 28. dxc5 {[%clk 0:06:11]} bxc5
{[%clk 0:23:11]} 29. Bxc5 {[%clk 0:06:27]} Qxc5+ {[%clk 0:23:35]} 0-1